000 01084cam a2200145 4500500
005 20251228093215.0
041 _afre
042 _adc
100 1 0 _aGardes Tamine, Joëlle
_eauthor
245 0 0 _aVerlaine Lectures de Verlaine. Poèmes saturniens, Fêtes galantes, Romances sans paroles, sous la dir. de Steve Murphy, Rennes, PUR, 2007, 314 p. Fêtes galantes, Romances sans paroles, précédé de Poèmes saturniens de Paul Verlaine, Essai et dossier réalisés par Arnaud Bernadet, Paris, Gallimard, coll. « foliothèque », 2007, 272 p. Arnaud Bernadet, L’Exil et l’utopie. Politiques de Verlaine, Saint-Étienne, Publications de l’Université de Saint-Étienne, 2007, 251 p. Jean-Christophe Cavallin, Verlaine et son mètre, suivi de La Règle du jeu, essai de Vincent Vivès, Verona, Edizioni Fiorini, coll. « La musa critica », 2007, 406 p.
260 _c2008.
500 _a7
786 0 _nRomantisme | 140 | 2 | 2008-06-01 | p. 149k-165k | 0048-8593
856 4 1 _uhttps://shs.cairn.info/revue-romantisme-2008-2-page-149k?lang=fr&redirect-ssocas=7080
999 _c1604108
_d1604108